Flags of the Baltic Sea countries - Sudden death - Statistics

General Stats
  • This quiz has been taken 33 times
  • The average score is 6 of 9
Answers on the Grid
Answers color-coded by a green-red scale on the quiz's grid according to % correct below.
 
Answer Stats
Answer % Correct
Finland
74%
Latvia
70%
Estonia
70%
Sweden
67%
Poland
59%
Russia
59%
Lithuania
59%
Denmark
56%
Germany
56%
No matching quizzes found
Score Distribution
Percent of People with Each Score
Percentile by Number Answered
Your Score History
You have not taken this quiz